10 Closest Capitals to Denmark Quiz Stats

 Plays Quiz Updated Jul 14, 2016

Challenge
Share
Tweet
Embed
Score 0/10 Timer 03:00
0 Plays Today
Capital % Correct
Berlin, Germany
97.1%
Oslo, Norway
96.4%
Stockholm, Sweden
93.3%
Amsterdam, Netherlands
90.5%
Brussels, Belgium
87.6%
Warsaw, Poland
83.2%
Luxembourg, Luxembourg
74.5%
Prague, Czechia
65.2%
Riga, Latvia
63.9%
Vilnius, Lithuania
53.7%

You're not logged in!

Compare scores with friends on all Sporcle quizzes.
Join for Free
OR
Log In

You Might Also Like...

Show Comments

Extras

Top Quizzes Today


Score Distribution

Your Account Isn't Verified!

In order to create a playlist on Sporcle, you need to verify the email address you used during registration. Go to your Sporcle Settings to finish the process.

Report this User

Report this user for behavior that violates our Community Guidelines.

Details: